Journal of Politics and Law

Detalles Bibliográficos
Formato: Revista
Lenguaje:inglés
Publicado: Toronto, ON : Canadian Center of Science and Education, 2008-
Materias:
Acceso en línea:http://www.vlex.com/source/7215

MARC

LEADER 00000nas a22000007a 4500
005 20130321182735.0
007 cr|||| ||||
008 130321c20089999xxcqr|p s|||| 0|||a1eng d
022 |a 19139047  
035 |a 7215 
040 |a vLex 
090 |c 3979  |d 3979 
245 0 0 |a Journal of Politics and Law  |h [Recurso electrn̤ico] 
256 |a Servicio en ln̕ea 
260 |a Toronto, ON :   |b Canadian Center of Science and Education,   |c 2008- 
300 |a 1 Recurso electrn̤ico 
506 |d vLex Global  |d vLex Global (Academic Edition, excluding Law Schools)  |d vLex Global (U.S. Academic Edition, Law Schools)  |d vLex Global (U.S. Academic Edition, excluding Law Schools)  |d vLex Global (Academic Edition, Law Schools) 
650 0 4 |a Ciencias polt̕icas  |v Revistas 
650 0 4 |a Derecho  |v Revistas 
740 |a vLex Revistas (Servicio en ln̕ea) 
856 |a Acceso restringido  |u http://www.vlex.com/source/7215 
942 |c REV 
999 0 |a Economics